Sell's Products and Services 2000/2001 (Record no. 85396)

MARC details
000 -LEADER
fixed length control field 00684cam a2200229 4500
001 - CONTROL NUMBER
control field CD103610
008 - FIXED-LENGTH DATA ELEMENTS--GENERAL INFORMATION
fixed length control field 000000n2000 000 0 eng u
035 ## - SYSTEM CONTROL NUMBER
System control number (Sirsi) u103610
245 ## - TITLE STATEMENT
Title Sell's Products and Services 2000/2001
260 ## - PUBLICATION, DISTRIBUTION, ETC.
Date of publication, distribution, etc. Miller Freeman
-- 2000
300 ## - PHYSICAL DESCRIPTION
Extent 1 CD-ROM
350 ## - PRICE (NR) (BK AM CF MU VM SE) [OBSOLETE]
Price Free
520 ## - SUMMARY, ETC.
Summary, etc. CD-Rom listing building products and services searchable by product or service, companies and brand names.
650 ## - SUBJECT ADDED ENTRY--TOPICAL TERM
Topical term or geographic name entry element CD-ROM
650 ## - SUBJECT ADDED ENTRY--TOPICAL TERM
Topical term or geographic name entry element BUILT ENVIRONMENT-BUILDING MATERIALS
650 ## - SUBJECT ADDED ENTRY--TOPICAL TERM
Topical term or geographic name entry element Block management
9 (RLIN) 6220
650 0# - SUBJECT ADDED ENTRY--TOPICAL TERM
Topical term or geographic name entry element BRAND NAMES
650 0# - SUBJECT ADDED ENTRY--TOPICAL TERM
Topical term or geographic name entry element TRADE NAMES
650 ## - SUBJECT ADDED ENTRY--TOPICAL TERM
Topical term or geographic name entry element CONSTRUCTION COMPANIES
690 ## - LOCAL SUBJECT ADDED ENTRY--TOPICAL TERM (OCLC, RLIN)
Topical term or geographic name as entry element BUILT ENVIRONMENT
942 ## - ADDED ENTRY ELEMENTS (KOHA)
Suppress in OPAC 0
Holdings
Withdrawn status Lost status Source of classification or shelving scheme Damaged status Not for loan Home library Current library Shelving location Date acquired Total Checkouts Full call number Barcode Date last seen Copy number Price effective from Koha item type
    Dewey Decimal Classification     London London Enquiry desk 14/01/2000   CD-ROM BOX 103610-1001 06/08/2019 1 06/08/2019 Reference material